| 000 | 00372nam a2200145Ia 4500 | ||
|---|---|---|---|
| 008 | 230312s9999||||xx |||||||||||||| ||und|| | ||
| 020 | _a81-312-1863-1 | ||
| 082 |
_a615 _bSOL-I |
||
| 100 | _aSolomon;Eldra Pearl | ||
| 245 | 0 | _aIntroduction to Human Anatomy and Physiology | |
| 260 |
_bElsevier _aIndia _c2009 |
||
| 300 | _a341 | ||
| 650 |
_aMedical _vAnatomy |
||
| 942 | _cBK | ||
| 999 |
_c10102 _d10102 |
||